Booker T's career opponents - Statistics

General Stats
  • This quiz has been taken 7 times
  • The average score is 96 of 157
Answer Stats
Answer % Correct
A.J. Styles
100%
Bam Bam Bigelow
100%
Barry Windham
100%
Batista
100%
Bobby Eaton
100%
Bret Hart
100%
Brian Adams
100%
Buff Bagwell
100%
Charlie Haas
100%
Chavo Guerrero Jr.
100%
Chris Benoit
100%
Chris Jericho
100%
Cody Rhodes
100%
Curt Hennig
100%
Dean Malenko
100%
"Diamond" Dallas Page
100%
D'Lo Brown
100%
Dustin Rhodes
100%
Eddie Guerrero
100%
Edge
100%
Goldberg
100%
Gregory Helms
100%
Jeff Jarrett
100%
John Bradshaw Layfield
100%
John Cena
100%
Kane
100%
Kanyon
100%
Kevin Nash
100%
Kurt Angle
100%
Mr. Kennedy
100%
Perry Saturn
100%
Randy Orton
100%
Rey Mysterio
100%
Ric Flair
100%
Rick Steiner
100%
Rob Van Dam
100%
Scott Hall
100%
Scott Steiner
100%
Sid Vicious
100%
Spike Dudley
100%
Stevie Ray
100%
Sting
100%
"Stone Cold" Steve Austin
100%
The Big Show
100%
The Rock
100%
Triple H
100%
William Regal
100%
BG James
75%
Billy Gunn
75%
Billy Kidman
75%
Bobby Lashley
75%
Brock Lesnar
75%
Christian Cage
75%
CM Punk
75%
Dave Taylor
75%
Devon Storm
75%
Fit Finlay
75%
Hardcore Holly
75%
Horace Hogan
75%
James Storm
75%
Jay Lethal
75%
Jeff Hardy
75%
Jerry "The King" Lawler
75%
Konnan
75%
Lance Storm
75%
Lex Luger
75%
Luther Reigns
75%
"Macho Man" Randy Savage
75%
Mark Henry
75%
Mark Jindrak
75%
Matt Hardy
75%
Maven
75%
Meng
75%
Norman Smiley
75%
Raven
75%
Rick Martel
75%
Rikishi
75%
Robert Roode
75%
Scott Norton
75%
Shane Douglas
75%
Shawn Stasiak
75%
Steven Richards
75%
Tazz
75%
Test
75%
The Barbarian
75%
The Boogeyman
75%
The Undertaker
75%
Val Venis
75%
Vincent
75%
Vince Russo
75%
Big T
50%
Chris Harris
50%
Chuck Palumbo
50%
Ernest Miller
50%
Funaki
50%
Gunner Scott
50%
Jack Swagger
50%
Johnny Stamboli
50%
La Parka
50%
Lenny Lane
50%
Mike Awesome
50%
Mike Enos
50%
Mike Rotunda
50%
Orlando Jordan
50%
Rene Dupree
50%
Ricky "The Dragon" Steamboat
50%
Rico
50%
Samoa Joe
50%
Santino Marella
50%
Tajiri
50%
The Demon
50%
The Godfather
50%
The Renegade
50%
Tom Zenk
50%
Wrath
50%
Barry Horowitz
25%
Bill Irwin
25%
Bobby Duncum Jr.
25%
Consequences Creed
25%
Disco Inferno
25%
Eric Young
25%
Erik Watts
25%
Hernandez
25%
Kenzo Suzuki
25%
Maxx Payne
25%
Mike Sanders
25%
Paul London
25%
Psicosis
25%
Rhino
25%
Shinya Hashimoto
25%
Tatanka
25%
The Wall
25%
Alex Porteau
0%
Carlito Caribbean Cool
0%
Doug Basham
0%
Heidenreich
0%
Ian Rotten
0%
Jerry Flynn
0%
Jethro Holliday
0%
Joey Mercury
0%
John Tatum
0%
Kaz Hayashi
0%
Kendo Nagasaki
0%
Paul Burchill
0%
Prince Iaukea
0%
Rick Fuller
0%
Rodney Mack
0%
Scotty Riggz
0%
Scotty Too Hotty
0%
Shane Sewell
0%
Shannon Moore
0%
Sick Boy
0%
Simon Dean
0%
Steven Zane
0%
Tracy Smothers
0%
Ultimo Dragon
0%
Yuji Nagata
0%
No matching quizzes found
Score Distribution
Percent of People with Each Score
Percentile by Number Answered
Your Score History
You have not taken this quiz